000 00623nam a2200217Ii 4500
003 JO-AjNU
008 230606s9999||||xx |||||||||||||| ||und||
020 _a0-15-500478-6
040 _aJO-AjNU
_beng
_erda
_cJO-AjNU
041 _aeng
050 1 4 _aHF5629.A26 1987
100 3 _aEdited: Bloom,Robert/Elgers,pieter T,
_eauthor
_93295
245 0 0 _aAccounting theory and policy
250 _aed2
264 3 1 _aSan Diego: Harcourt Brace Jovanovich,1987
300 _a654p
336 _atext
_btxt
_2rdacontent
337 _aunmediated
_bn
_2rdamedia
338 _avolume
_bnc
_2rdacarrier
650 4 _aAccounting
_93296
999 _aE1723
_c1723
_d1723